=LDR 00000nam 2200000 4500 =001 INLIS000000000045279 =005 20251204015823 =035 ##$$a 0010-011500000000105 =008 251204###########################0#ind## =082 ##$$a 028.5 =090 ##$$a 028.5 $b wak k =100 ##$$a KEN, Wakayama =245 1#$$a Koguma main balon /$c Wakayama Ken =260 ##$$a Jakarta :$b Periplus,$c 1994 =300 ##$$a 20 hlm : $b ilus ; $c 18 cm =850 ##$$a NBPMAT =084 ##$$a 028.5 KEN k =990 ##$$a 00088903